My Top 100 Movie Directors - Statistics

General Stats
  • This quiz has been taken 298 times
    286 since last reset
  • The average score is 45 of 100
Answer Stats
My favourite movie Movie Director % Correct
51 The Godfather Francis Ford Coppola
95%
7 Vertigo Alfred Hitchcock
93%
26 Taxi Driver Martin Scorsese
93%
45 Pulp Fiction Quentin Tarantino
92%
13 Full Metal Jacket Stanley Kubrick
91%
53 Catch me if you can Steven Spielberg
89%
41 Alien Ridley Scott
88%
9 No country for old men Coen brothers
87%
12 The Good, The Bad and The Ugly Sergio Leone
86%
44 Lord of the rings : The Two Towers Peter Jackson
85%
64 Forrest Gump Robert Zemeckis
84%
3 Sweeney Todd Tim Burton
79%
74 Mystic River Clint Eastwood
78%
49 American Beauty Sam Mendes
78%
5 La La Land Damien Chazelle
76%
82 The Prestige Christopher Nolan
75%
43 Gone Girl David Fincher
75%
24 It's a wonderful life Frank Capra
72%
20 Sunset Boulevard Billy Wilder
71%
1 Kagemusha Akira Kurosawa
70%
19 The Thing John Carpenter
70%
25 Amadeus Milos Forman
70%
10 Birdman Alejandro Gonzalez Inarritu
69%
55 12 angry men Sidney Lumet
69%
32 Black Swan Darren Aronofsky
68%
100 The Sixth Sense M. Night Shyamalan
66%
94 Fantastic Mr Fox Wes Anderson
66%
56 M Fritz Lang
64%
18 The Gold Rush Charles Chaplin
62%
99 Monty Python and the Holy Grail Terry Gilliam
62%
21 The exorcist William Friedkin
61%
28 Princess Mononoke Hayao Miyazaki
60%
93 The Man Who Shot Liberty Valance John Ford
60%
47 The Deer Hunter Michael Cimino
59%
48 Scream Wes Craven
59%
72 Magnolia Paul Thomas Anderson
58%
57 400 blows / Les 400 coups Francois Truffaut
57%
76 12 years a slave Steve McQueen
57%
98 Touch of Evil Orson Welles
54%
78 Collateral Michael Mann
53%
79 Traffic Steven Soderbergh
53%
11 The Purple Rose of Cairo Woody Allen
53%
36 A History of violence David Cronenberg
52%
91 Before Sunset Richard Linklater
52%
46 Aguirre, the Wrath of God Werner Herzog
50%
30 Enemy Denis Villeneuve
49%
6 Dawn of the dead George A. Romero
49%
2 The Virgin Spring Ingmar Bergman
46%
75 Breaking the Waves Lars von Trier
46%
65 Ben-Hur William Wyler
46%
22 Memories of Murder Bong Joon-ho
45%
59 Badlands Terrence Malick
43%
39 Suspiria Dario Argento
42%
8 Casanova Federico Fellini
41%
14 Drive Nicolas Winding Refn
39%
42 Wings of desire / Der Himmel über Berlin Wim Wenders
39%
86 In the mood for love Wong Kar-Wai
38%
96 Who's Afraid of Virginia Woolf? Mike Nichols
35%
67 All About Eve Joseph L Mankiewicz
34%
90 1900 Bernardo Bertolucci
33%
16 Sunrise Friedrich Wilhelm Murnau
33%
31 Body Double Brian De Palma
32%
27 The Passion of Joan of Arc Carl Theodor Dreyer
32%
23 The Fearless Vampire Killers Roman Polanski
32%
35 Alexander Nevsky Sergueï Eisenstein
31%
69 Bringing Up Baby Howard Hawks
29%
89 Poltergeist Tobe Hooper
29%
84 Dead Man Jim Jarmusch
26%
34 Singin in the rain Stanley Donen
26%
60 The Wages of Fear / Le salaire de la peur Henri-Georges Clouzot
25%
68 An Autumn Afternoon Yasujiro Ozu
25%
85 Diary of a Chambermaid / Le journal d'une femme de chambre Luis Bunuel
24%
52 The Night of the Iguana John Huston
23%
50 Midnight Express Alan Parker
22%
33 Laura Otto Preminger
22%
73 Bad Lieutenant Abel Ferrara
20%
4 Baby Doll Elia Kazan
20%
88 High Heels / Tacones lejanos Pedro Almodovar
20%
87 Night and Fog / Nuit et brouillard Alain Resnais
19%
40 To be or not to be Ernst Lubitsch
19%
92 Gaslight George Cukor
19%
70 Ugetsu Kenji Mizoguchi
19%
80 OSS 117: Cairo, Nest of Spies Michel Hazanavicius
19%
81 A Simple Plan Sam Raimi
18%
38 My Night at Maud's / Ma nuit chez Maud Eric Rohmer
17%
54 The Haunting Robert Wise
17%
77 Piranha 3D Alexandre Aja
14%
29 Europa 51 Roberto Rossellini
14%
97 Dangerous Liaisons Stephen Frears
14%
61 The Hole / Le Trou Jacques Becker
13%
37 Une Chambre en ville Jacques Demy
12%
17 Ulysses' Gaze Theo Angelopoulos
12%
58 The Bad and the Beautiful Vincente Minnelli
12%
15 Two Lovers James Gray
11%
63 Tesis Alejandro Amenabar
10%
66 A Special Day / Una giornata particolare Ettore Scola
10%
83 The Decline of the American Empire / Le Déclin de l'empire américain Denys Arcand
6%
71 A Most Violent Year JC Chandor
5%
62 Much Ado About Nothing Joss Whedon
3%
95 À l'attaque! Robert Guédiguian
1%
No matching quizzes found
Score Distribution
Percent of People with Each Score
Percentile by Number Answered
Your Score History
You have not taken this quiz since the last reset